| 000 | 00596nam a2200193Ia 4500 | ||
|---|---|---|---|
| 003 | OSt | ||
| 005 | 20240422102648.0 | ||
| 008 | 210210b1963 xxu||||| |||| 00| 0 eng d | ||
| 040 | _cAL | ||
| 041 | _aKannada | ||
| 082 | _a856/233 | ||
| 100 |
_aYAMUNABAYI ಯಮುನಾಬಾಯಿ _9161862 |
||
| 245 |
_aDyutisamshleashana _bದ್ಯುತಿಸಂಶ್ಲೇಷಣ |
||
| 260 |
_aMaisuru _bMaisuru Vishvavidyanilaya _c1963 |
||
| 690 |
_aKannada Miscellaneous _9161863 |
||
| 700 |
_aRAGHAVENDRARAV ರಾಘವೇಂದ್ರರಾವ್ _9161864 |
||
| 906 | _a020471 | ||
| 942 |
_2ddc _cBK |
||
| 999 |
_c144619 _d144619 |
||